[Event "ODJM C 2024"]
[Site "Willingen GER"]
[Date "2024.05.23"]
[Round "7"]
[White "Staudt, Merle"]
[Black "Bräutigam, Viktoria"]
[Result "1-0"]
[Termination "normal"]
[Board "36"]
[WhiteElo "1573"]
[BlackElo "863"]
[WhiteClock "00:29:22"]
[BlackClock "00:58:39"]
[PlyCount "101"]
[WhiteFideId "34631151"]
[BlackFideId "34638652"]
[EventCountry "GER"]
[EventRounds "9"]
[EventType "swiss"]
[EventDate "2024.05.18"]

1. e4 {[%clk 01:30:59]} {[%emt 00:00:24]} e5 {[%clk 01:30:52]} 2. d4 {[%clk
01:31:19]} exd4 {[%clk 01:31:14]} 3. Qxd4 {[%clk 01:31:44]} Nc6 {[%clk
01:31:34]} 4. Qd3 {[%clk 01:32:06]} Nf6 {[%clk 01:31:03]} 5. Nc3 {[%clk
01:32:29]} Bc5 {[%clk 01:29:59]} 6. Bf4 {[%clk 01:32:34]} Ng4 {[%clk 01:29:15]}
7. Nh3 {[%clk 01:29:49]} d6 {[%clk 01:25:23]} 8. f3 {[%clk 01:28:32]} Nf6
{[%clk 01:23:44]} 9. Qd2 {[%clk 01:25:38]} Be6 {[%clk 01:23:24]} 10. O-O-O
{[%clk 01:23:40]} Qe7 {[%clk 01:23:36]} 11. Ng5 {[%clk 01:21:38]} Bd7 {[%clk
01:23:27]} 12. Bc4 {[%clk 01:18:50]} Rf8 {[%clk 01:21:49]} 13. Rhe1 {[%clk
01:10:55]} O-O-O {[%clk 01:20:54]} 14. Nd5 {[%clk 01:08:25]} Qe8 {[%clk
01:18:10]} 15. Nxf6 gxf6 {[%clk 01:17:24]} 16. Nxh7 {[%clk 01:02:54]} Rh8
{[%clk 01:16:40]} 17. Nxf6 {[%clk 01:02:56]} Qe7 {[%clk 01:14:34]} 18. Nd5
{[%clk 01:02:46]} Qh4 {[%clk 01:12:38]} 19. Bg3 {[%clk 01:02:24]} Qh7 {[%clk
01:11:20]} 20. Kb1 {[%clk 00:57:17]} Kb8 {[%clk 01:11:02]} 21. Bb5 {[%clk
00:49:05]} a6 {[%clk 01:10:12]} 22. Ba4 {[%clk 00:47:57]} Qg7 {[%clk 01:06:54]}
23. Bxc6 {[%clk 00:36:51]} Bxc6 {[%clk 01:06:53]} 24. Qc3 {[%clk 00:30:47]} Qg6
{[%clk 01:05:58]} 25. Ne7 {[%clk 00:30:07]} Qh5 {[%clk 01:04:10]} 26. Nxc6+
{[%clk 00:30:03]} bxc6 {[%clk 01:04:16]} 27. e5 {[%clk 00:26:02]} dxe5 {[%clk
01:03:18]} 28. Qxc5 {[%clk 00:25:02]} Kb7 {[%clk 01:01:32]} 29. Qxe5 {[%clk
00:24:10]} Rc8 {[%clk 01:01:36]} 30. Qxh5 {[%clk 00:24:19]} Rxh5 {[%clk
01:01:43]} 31. Re7 {[%clk 00:24:10]} Rh7 {[%clk 01:01:44]} 32. Rdd7 {[%clk
00:24:19]} Kb6 {[%clk 01:01:09]} 33. Rxf7 {[%clk 00:24:03]} Rxf7 {[%clk
01:00:57]} 34. Rxf7 {[%clk 00:24:27]} a5 {[%clk 01:01:11]} 35. a4 c5 {[%clk
01:00:04]} {[%emt 00:01:12]} 36. h4 {[%clk 00:24:52]} {[%emt 00:00:17]} c6
{[%clk 00:59:24]} {[%emt 00:01:09]} 37. Be5 {[%clk 00:25:03]} {[%emt 00:00:18]}
Rg8 {[%clk 00:58:54]} {[%emt 00:01:01]} 38. h5 {[%clk 00:25:24]} {[%emt
00:00:09]} Rxg2 {[%clk 00:58:37]} {[%emt 00:00:44]} 39. h6 {[%clk 00:25:50]}
{[%emt 00:00:06]} Rg1+ {[%clk 00:58:43]} {[%emt 00:00:24]} 40. Ka2 {[%clk
00:26:14]} {[%emt 00:00:06]} Rh1 {[%clk 00:58:55]} {[%emt 00:00:19]} 41. h7
{[%clk 00:26:37]} {[%emt 00:00:07]} c4 {[%clk 00:58:10]} {[%emt 00:01:14]} 42.
h8=Q {[%emt 00:00:08]} Rxh8 {[%clk 00:58:15]} {[%emt 00:00:17]} 43. Bxh8 {[%clk
00:27:31]} {[%emt 00:00:06]} Kc5 {[%clk 00:58:12]} {[%emt 00:00:33]} 44. Rd7
{[%clk 00:27:51]} {[%emt 00:00:10]} Kb4 {[%clk 00:58:08]} {[%emt 00:00:32]} 45.
f4 {[%clk 00:27:56]} {[%emt 00:00:26]} Kxa4 {[%clk 00:58:24]} {[%emt 00:00:11]}
46. f5 {[%emt 00:00:49]} Kb4 {[%clk 00:58:06]} {[%emt 00:00:03]} 47. f6 {[%clk
00:28:41]} {[%emt 00:00:13]} Kc5 {[%clk 00:58:22]} {[%emt 00:00:14]} 48. f7
{[%clk 00:29:03]} {[%emt 00:00:07]} Kb6 {[%clk 00:58:45]} {[%emt 00:00:08]} 49.
f8=Q {[%emt 00:00:54]} Kb5 {[%clk 00:58:34]} {[%emt 00:00:02]} 50. Rb7+ {[%clk
00:29:05]} {[%emt 00:00:44]} Ka4 {[%clk 00:58:39]} {[%emt 00:00:24]} 51. Qa3#
{[%clk 00:29:22]} {[%emt 00:00:14]} 1-0

[Event "ODJM C 2024"]
[Site "Willingen GER"]
[Date "2024.05.23"]
[Round "7"]
[White "Rafikov, Artur"]
[Black "Ly, Lina"]
[Result "1/2-1/2"]
[Termination "normal"]
[Board "37"]
[WhiteElo "1021"]
[BlackElo "863"]
[WhiteClock "00:44:28"]
[BlackClock "00:46:55"]
[PlyCount "96"]
[WhiteFideId "34642676"]
[BlackFideId "34625070"]
[EventCountry "GER"]
[EventRounds "9"]
[EventType "swiss"]
[EventDate "2024.05.18"]

1. e4 {[%clk 01:30:59]} {[%emt 00:00:08]} e5 {[%clk 01:30:56]} 2. Nf3 {[%clk
01:31:24]} Nc6 {[%clk 01:31:16]} 3. Bb5 {[%clk 01:31:47]} a6 {[%clk 01:31:32]}
4. Ba4 {[%clk 01:30:14]} d6 {[%clk 01:29:31]} 5. h3 {[%clk 01:30:07]} h5 {[%clk
01:28:47]} 6. d3 {[%clk 01:23:42]} f6 {[%clk 01:26:14]} 7. Nc3 {[%clk
01:21:10]} g5 {[%clk 01:25:04]} 8. Be3 {[%clk 01:20:39]} g4 {[%clk 01:24:58]}
9. hxg4 {[%clk 01:19:04]} Bxg4 {[%clk 01:24:22]} 10. Nd5 {[%clk 01:16:45]} Nge7
{[%clk 01:19:09]} 11. Nxf6+ {[%clk 01:16:35]} Kf7 {[%clk 01:18:21]} 12. Nxg4
{[%clk 01:16:16]} Nc8 {[%clk 01:16:23]} 13. Ngh2 {[%clk 01:12:32]} Be7 {[%clk
01:12:05]} 14. Nf1 {[%clk 01:08:59]} b5 {[%clk 01:08:09]} 15. Bb3+ {[%clk
01:08:33]} Ke8 {[%clk 01:08:19]} 16. a3 {[%clk 01:07:15]} Kd7 {[%clk 01:03:07]}
17. Qd2 {[%clk 01:04:41]} Nb6 {[%clk 01:02:12]} 18. Ng5 {[%clk 01:02:00]} Bf6
{[%clk 01:01:43]} 19. Nf7 {[%clk 01:01:17]} Qe7 {[%clk 01:00:10]} 20. Nxh8
{[%clk 00:59:39]} Rxh8 {[%clk 01:00:18]} 21. Qe2 {[%clk 00:58:21]} h4 {[%clk
01:00:06]} 22. g3 {[%clk 00:57:16]} h3 23. Qg4+ {[%clk 00:57:20]} Kd8 {[%clk
00:57:46]} 24. Rxh3 {[%clk 00:57:20]} Rxh3 {[%clk 00:57:52]} 25. Qxh3 {[%clk
00:57:05]} Ke8 {[%clk 00:57:28]} 26. Qg4 a5 {[%clk 00:56:00]} 27. Qg8+ {[%clk
00:58:29]} Qf8 {[%clk 00:56:01]} 28. Bf7+ {[%clk 00:57:20]} Ke7 {[%clk
00:56:11]} 29. Qxf8+ {[%clk 00:57:10]} Kxf8 {[%clk 00:56:31]} 30. Bxb6 {[%clk
00:53:54]} cxb6 {[%clk 00:55:52]} 31. Bh5 {[%clk 00:52:57]} Nd4 {[%clk
00:55:04]} 32. Kd2 {[%clk 00:52:57]} b4 {[%clk 00:53:08]} 33. axb4 {[%clk
00:52:41]} axb4 {[%clk 00:53:30]} 34. Ra6 {[%clk 00:52:36]} b3 {[%clk
00:52:31]} 35. cxb3 {[%clk 00:52:00]} Nxb3+ {[%clk 00:52:49]} 36. Kc3 {[%clk
00:52:22]} Nc5 {[%clk 00:52:32]} 37. Rxb6 {[%clk 00:52:40]} Na4+ {[%clk
00:52:46]} 38. Kc4 {[%clk 00:51:31]} Nxb6+ {[%clk 00:52:55]} 39. Kb5 {[%clk
00:51:46]} Nc8 {[%clk 00:52:50]} 40. Kc6 {[%clk 00:51:09]} Ke7 {[%clk
00:51:54]} 41. Kc7 {[%clk 00:50:37]} Na7 {[%clk 00:51:55]} 42. Be2 {[%clk
00:49:41]} Nb5+ {[%clk 00:51:51]} 43. Kb7 {[%clk 00:49:02]} Nd4 {[%clk
00:50:30]} 44. Bd1 {[%clk 00:48:01]} Bg5 {[%clk 00:50:33]} 45. Kb6 {[%clk
00:46:21]} {[%emt 00:02:01]} Ke6 {[%clk 00:49:21]} {[%emt 00:01:41]} 46. b4
{[%clk 00:45:19]} {[%emt 00:01:32]} Bd8+ {[%clk 00:48:48]} {[%emt 00:01:02]}
47. Ka6 {[%clk 00:45:06]} {[%emt 00:00:44]} Nc6 {[%clk 00:46:50]} {[%emt
00:02:27]} 48. b5 {[%clk 00:44:28]} {[%emt 00:01:09]} Nb4+ {[%clk 00:46:55]}
{[%emt 00:00:25]} 1/2-1/2

[Event "ODJM C 2024"]
[Site "Willingen GER"]
[Date "2024.05.23"]
[Round "7"]
[White "Eßers, Mathilda Marie"]
[Black "Sniegowski, Victoria"]
[Result "1/2-1/2"]
[Termination "normal"]
[Board "39"]
[WhiteElo "923"]
[BlackElo "1001"]
[WhiteClock "01:06:03"]
[BlackClock "00:48:35"]
[PlyCount "92"]
[WhiteFideId "34684093"]
[BlackFideId "34675612"]
[EventCountry "GER"]
[EventRounds "9"]
[EventType "swiss"]
[EventDate "2024.05.18"]

1. d4 {[%clk 01:30:58]} d5 {[%clk 01:30:51]} 2. Bf4 {[%clk 01:31:24]} Nf6
{[%clk 01:31:09]} 3. e3 {[%clk 01:31:48]} e6 {[%clk 01:29:52]} 4. Nf3 Be7
{[%clk 01:27:09]} 5. Be2 {[%clk 01:28:58]} O-O {[%clk 01:26:55]} 6. O-O {[%clk
01:28:45]} Bd7 {[%clk 01:24:58]} 7. c4 Re8 {[%clk 01:24:13]} 8. Nc3 {[%clk
01:26:37]} dxc4 {[%clk 01:22:56]} 9. Bxc4 {[%clk 01:26:02]} Bd6 {[%clk
01:20:24]} 10. Ne5 Nc6 {[%clk 01:18:06]} 11. Qc2 {[%clk 01:19:51]} Nb4 {[%clk
01:13:15]} {[%emt 00:05:20]} 12. Qd2 {[%clk 01:16:52]} {[%emt 00:03:13]} a6
{[%clk 01:11:53]} {[%emt 00:02:09]} 13. a3 {[%clk 01:15:53]} {[%emt 00:01:28]}
b5 {[%clk 01:11:06]} {[%emt 00:01:17]} 14. Be2 {[%clk 01:15:27]} {[%emt
00:00:56]} Nbd5 {[%clk 01:10:27]} {[%emt 00:01:09]} 15. Nxd5 {[%clk 01:14:42]}
{[%emt 00:01:14]} Nxd5 {[%clk 01:10:16]} {[%emt 00:00:42]} 16. Bf3 {[%clk
01:14:55]} {[%emt 00:00:17]} Nxf4 {[%clk 01:09:41]} {[%emt 00:01:04]} 17. Bxa8
{[%clk 01:15:08]} {[%emt 00:00:17]} Qxa8 {[%clk 01:09:07]} {[%emt 00:01:03]}
18. exf4 {[%clk 01:15:30]} {[%emt 00:00:09]} Bxe5 {[%clk 01:09:07]} {[%emt
00:00:30]} 19. fxe5 {[%clk 01:15:44]} {[%emt 00:00:16]} Qd5 {[%clk 01:08:51]}
{[%emt 00:00:47]} 20. Qd3 {[%clk 01:15:26]} {[%emt 00:00:44]} Bc6 {[%clk
01:08:38]} {[%emt 00:00:45]} 21. f3 {[%clk 01:14:55]} {[%emt 00:01:03]} Rd8
{[%clk 01:08:32]} {[%emt 00:00:36]} 22. Rad1 {[%clk 01:13:23]} {[%emt
00:02:00]} b4 {[%clk 01:07:45]} {[%emt 00:01:19]} 23. Rfe1 {[%clk 01:13:38]}
{[%emt 00:00:15]} Bb5 {[%clk 01:07:06]} {[%emt 00:01:09]} 24. Qe4 {[%clk
01:13:59]} {[%emt 00:00:09]} Qxe4 {[%clk 01:05:37]} {[%emt 00:01:58]} 25. Rxe4
{[%clk 01:13:31]} {[%emt 00:00:35]} Ba4 {[%clk 01:04:53]} {[%emt 00:01:37]} 26.
Rde1 {[%clk 01:13:37]} {[%emt 00:00:22]} Bc2 {[%clk 01:05:10]} {[%emt
00:00:15]} 27. Rg4 {[%clk 01:13:46]} {[%emt 00:00:18]} Bf5 {[%clk 01:04:53]}
{[%emt 00:00:49]} 28. Rh4 {[%clk 01:13:09]} {[%emt 00:01:05]} g5 {[%clk
01:03:27]} {[%emt 00:01:59]} 29. Rh5 {[%clk 01:12:36]} {[%emt 00:01:00]} h6
{[%clk 01:01:58]} {[%emt 00:02:02]} 30. g4 {[%clk 01:12:25]} {[%emt 00:00:39]}
Bg6 {[%clk 01:01:17]} {[%emt 00:01:12]} 31. Rxh6 {[%clk 01:12:06]} {[%emt
00:00:49]} Kg7 {[%clk 01:01:13]} {[%emt 00:00:34]} 32. Rh3 {[%clk 01:12:11]}
{[%emt 00:00:23]} Rxd4 {[%clk 01:01:34]} {[%emt 00:00:12]} 33. Rg3 {[%clk
01:10:28]} {[%emt 00:02:13]} bxa3 {[%clk 01:00:18]} {[%emt 00:01:46]} 34. bxa3
{[%clk 01:10:01]} {[%emt 00:00:57]} Ra4 {[%clk 00:59:44]} {[%emt 00:01:03]} 35.
Ra1 {[%clk 01:10:09]} {[%emt 00:00:22]} Ra5 {[%clk 00:59:44]} {[%emt 00:00:31]}
36. Rc1 {[%clk 01:09:50]} {[%emt 00:00:48]} Rxa3 {[%clk 00:59:12]} {[%emt
00:01:03]} 37. f4 {[%clk 01:09:51]} {[%emt 00:00:29]} Ra5 {[%clk 00:57:30]}
{[%emt 00:02:12]} 38. Rxc7 {[%clk 01:08:20]} {[%emt 00:02:00]} gxf4 {[%clk
00:56:46]} {[%emt 00:01:13]} 39. Rf3 {[%clk 01:08:33]} {[%emt 00:00:19]} Rxe5
{[%clk 00:56:53]} {[%emt 00:00:23]} 40. Rxf4 {[%clk 01:08:39]} {[%emt
00:00:24]} Rg5 {[%clk 00:56:16]} {[%emt 00:01:06]} 41. Ra7 {[%clk 01:08:32]}
{[%emt 00:00:37]} e5 {[%clk 00:52:57]} {[%emt 00:03:49]} 42. Ra4 {[%clk
01:08:04]} {[%emt 00:00:56]} e4 {[%clk 00:52:33]} {[%emt 00:00:56]} 43. h3
{[%clk 01:07:40]} {[%emt 00:00:54]} e3 {[%clk 00:51:47]} {[%emt 00:01:16]} 44.
Ra1 {[%clk 01:08:05]} {[%emt 00:00:05]} Bd3 {[%clk 00:51:48]} {[%emt 00:00:30]}
45. Re1 {[%clk 01:07:54]} {[%emt 00:00:40]} e2 {[%clk 00:50:35]} {[%emt
00:01:43]} 46. Kf2 {[%clk 01:06:03]} {[%emt 00:02:19]} Re5 {[%clk 00:48:35]}
{[%emt 00:02:32]} 1/2-1/2

[Event "ODJM C 2024"]
[Site "Willingen GER"]
[Date "2024.05.23"]
[Round "7"]
[White "Kasten, Luna Seraphine"]
[Black "Prokscha, Kilian"]
[Result "0-1"]
[Termination "normal"]
[Board "40"]
[WhiteElo "917"]
[BlackElo "695"]
[WhiteClock "01:03:59"]
[BlackClock "01:19:20"]
[PlyCount "84"]
[WhiteFideId "34681639"]
[BlackFideId "533002843"]
[EventCountry "GER"]
[EventRounds "9"]
[EventType "swiss"]
[EventDate "2024.05.18"]

1. e4 {[%clk 01:30:57]} {[%emt 00:00:14]} d5 {[%clk 01:30:52]} 2. Nc3 {[%clk
01:30:30]} e6 {[%clk 01:31:00]} 3. Nf3 {[%clk 01:30:33]} Nf6 {[%clk 01:31:07]}
4. e5 {[%clk 01:30:44]} Ng4 {[%clk 01:31:00]} 5. h3 {[%clk 01:30:41]} Nh6
{[%clk 01:30:26]} 6. d4 Bb4 {[%clk 01:30:40]} 7. a3 {[%clk 01:30:22]} Bxc3+
{[%clk 01:30:57]} 8. bxc3 {[%clk 01:30:37]} O-O {[%clk 01:31:09]} 9. Bd3 {[%clk
01:30:48]} c6 {[%clk 01:30:28]} 10. O-O {[%clk 01:30:58]} Nd7 {[%clk 01:30:13]}
11. Qd2 {[%clk 01:30:55]} Qe7 {[%clk 01:29:10]} 12. Qf4 {[%clk 01:30:36]} Nf5
{[%clk 01:27:38]} 13. Bxf5 {[%clk 01:30:33]} exf5 {[%clk 01:27:55]} 14. Qg3
{[%clk 01:30:34]} g6 {[%clk 01:27:21]} 15. Ng5 {[%clk 01:30:23]} f6 {[%clk
01:23:59]} 16. exf6 {[%clk 01:28:54]} Nxf6 {[%clk 01:23:52]} 17. a4 {[%clk
01:28:54]} Qd7 {[%clk 01:22:53]} 18. Re1 {[%clk 01:28:14]} Re8 {[%clk
01:22:26]} 19. Rxe8+ Nxe8 {[%clk 01:22:22]} {[%emt 00:00:18]} 20. Ba3 {[%clk
01:27:02]} {[%emt 00:01:16]} Nf6 {[%clk 01:21:57]} {[%emt 00:00:54]} 21. Qe5
{[%clk 01:21:10]} {[%emt 00:05:39]} Ne4 {[%clk 01:19:59]} {[%emt 00:03:11]} 22.
Nxe4 {[%clk 01:17:55]} {[%emt 00:03:45]} dxe4 {[%clk 01:19:50]} {[%emt
00:00:31]} 23. Qf6 {[%clk 01:18:09]} {[%emt 00:00:23]} Qe8 {[%clk 01:18:57]}
{[%emt 00:01:25]} 24. Bf8 {[%clk 01:14:28]} {[%emt 00:04:11]} Qxf8 {[%clk
01:18:46]} {[%emt 00:00:40]} 25. Qxf8+ {[%clk 01:12:19]} {[%emt 00:02:39]} Kxf8
{[%clk 01:19:05]} {[%emt 00:00:12]} 26. Rb1 {[%clk 01:11:49]} {[%emt 00:01:00]}
b6 {[%clk 01:19:14]} {[%emt 00:00:21]} 27. Rb4 {[%clk 01:11:53]} {[%emt
00:00:27]} c5 {[%clk 01:19:14]} {[%emt 00:00:31]} 28. Rc4 {[%clk 01:12:14]}
{[%emt 00:00:07]} cxd4 {[%clk 01:19:27]} {[%emt 00:00:17]} 29. cxd4 {[%clk
01:12:31]} {[%emt 00:00:13]} Ba6 {[%clk 01:19:41]} {[%emt 00:00:16]} 30. Rc7
{[%clk 01:12:36]} {[%emt 00:00:24]} h5 {[%clk 01:19:53]} {[%emt 00:00:19]} 31.
d5 {[%clk 01:11:59]} {[%emt 00:01:06]} Rd8 {[%clk 01:20:06]} {[%emt 00:00:17]}
32. c4 {[%clk 01:11:57]} {[%emt 00:00:32]} Rc8 {[%clk 01:19:49]} {[%emt
00:00:46]} 33. Rxa7 {[%clk 01:11:58]} {[%emt 00:00:29]} Bxc4 {[%clk 01:20:05]}
{[%emt 00:00:14]} 34. d6 {[%clk 01:10:52]} {[%emt 00:01:36]} Rd8 {[%clk
01:19:25]} {[%emt 00:01:10]} 35. Rc7 {[%clk 01:10:24]} {[%emt 00:00:58]} Be6
{[%clk 01:18:26]} {[%emt 00:01:29]} 36. Rc6 {[%clk 01:10:37]} {[%emt 00:00:18]}
Bd7 {[%clk 01:18:29]} {[%emt 00:00:27]} 37. Rxb6 {[%clk 01:10:49]} {[%emt
00:00:18]} Bxa4 {[%clk 01:18:48]} {[%emt 00:00:11]} 38. Ra6 {[%clk 01:09:18]}
{[%emt 00:02:01]} Be8 {[%clk 01:18:45]} {[%emt 00:00:32]} 39. f3 {[%clk
01:08:49]} {[%emt 00:00:59]} exf3 {[%clk 01:18:59]} {[%emt 00:00:16]} 40. gxf3
{[%clk 01:09:08]} {[%emt 00:00:11]} Bd7 {[%clk 01:18:51]} {[%emt 00:00:38]} 41.
Kf2 {[%clk 01:03:58]} {[%emt 00:05:39]} f4 {[%clk 01:19:09]} {[%emt 00:00:13]}
42. Ke2 {[%clk 01:03:59]} {[%emt 00:00:29]} Bb5+ {[%clk 01:19:20]} {[%emt
00:00:19]} 0-1

[Event "ODJM C 2024"]
[Site "Willingen GER"]
[Date "2024.05.23"]
[Round "7"]
[White "Rinke, Leonard"]
[Black "Neumann, Viktoria"]
[Result "0-1"]
[Termination "normal"]
[Board "41"]
[WhiteElo "906"]
[BlackElo "769"]
[WhiteClock "00:22:44"]
[BlackClock "00:44:29"]
[PlyCount "146"]
[WhiteFideId "34682155"]
[BlackFideId "34697292"]
[EventCountry "GER"]
[EventRounds "9"]
[EventType "swiss"]
[EventDate "2024.05.18"]

1. e4 {[%clk 01:30:59]} {[%emt 00:02:55]} d6 {[%clk 01:30:42]} 2. d4 {[%clk
01:31:23]} Nf6 {[%clk 01:31:01]} 3. Nc3 {[%clk 01:31:42]} g6 {[%clk 01:31:21]}
4. Bg5 {[%clk 01:31:57]} Bg7 {[%clk 01:31:33]} 5. e5 {[%clk 01:31:27]} Nfd7
{[%clk 01:31:34]} 6. Nf3 {[%clk 01:31:19]} O-O 7. Bc4 {[%clk 01:31:02]} dxe5 8.
Nd5 {[%clk 01:28:25]} Nc6 {[%clk 01:31:06]} 9. c3 {[%clk 01:25:35]} f6 {[%clk
01:28:29]} 10. Nxf6+ {[%clk 01:23:49]} Kh8 {[%clk 01:27:45]} 11. Nxd7 {[%clk
01:20:38]} Bxd7 {[%clk 01:25:55]} 12. O-O {[%clk 01:19:52]} Bg4 {[%clk
01:24:16]} 13. Be2 {[%clk 01:14:33]} e4 {[%clk 01:21:24]} 14. Nh4 {[%clk
01:10:59]} Bxe2 {[%clk 01:20:34]} 15. Qxe2 {[%clk 01:09:26]} Qd5 {[%clk
01:20:06]} 16. Be3 {[%clk 01:04:10]} e5 {[%clk 01:14:14]} 17. c4 {[%clk
01:02:55]} Qe6 {[%clk 01:12:29]} 18. d5 {[%clk 01:01:02]} Qf6 {[%clk 01:11:28]}
19. g3 {[%clk 00:56:52]} Ne7 {[%clk 01:08:21]} 20. Qd2 {[%clk 00:54:24]} Rfd8
{[%clk 01:04:30]} 21. Bg5 {[%clk 00:52:58]} Qf7 {[%clk 01:02:59]} 22. Qb4
{[%clk 00:52:41]} Bf6 {[%clk 01:00:16]} 23. Bxf6+ {[%clk 00:49:30]} Qxf6 {[%clk
01:00:21]} 24. Qxb7 {[%clk 00:48:40]} Rdc8 {[%clk 01:00:17]} 25. Rfe1 {[%clk
00:43:18]} g5 {[%clk 00:58:07]} 26. Ng2 {[%clk 00:40:03]} Qf3 {[%clk 00:57:43]}
27. Re3 {[%clk 00:40:01]} Qf5 {[%clk 00:56:50]} 28. Qb4 {[%clk 00:40:10]} Re8
29. d6 {[%clk 00:39:31]} Nc6 {[%clk 00:55:34]} 30. Qc5 {[%clk 00:39:12]} Qd7
31. dxc7 {[%clk 00:36:28]} Qxc7 {[%clk 00:55:02]} 32. b4 {[%clk 00:35:32]} Qb6
{[%clk 00:53:58]} 33. Qxb6 {[%clk 00:35:37]} axb6 {[%clk 00:54:08]} 34. b5
{[%clk 00:35:51]} Nd4 35. Rxe4 {[%clk 00:31:42]} Nf3+ {[%clk 00:52:22]} 36. Kh1
{[%clk 00:30:46]} Nd2 {[%clk 00:51:42]} 37. Rg4 {[%clk 00:30:04]} h6 {[%clk
00:51:20]} 38. h4 {[%clk 00:29:40]} Rg8 {[%clk 00:50:59]} 39. f4 {[%clk
00:29:05]} Rae8 {[%clk 00:49:52]} 40. fxg5 {[%clk 00:28:58]} h5 {[%clk
00:50:00]} 41. Ne3 {[%clk 00:27:32]} hxg4 {[%clk 00:50:14]} 42. Nxg4 {[%clk
00:27:52]} Nxc4 {[%clk 00:50:29]} 43. Nf6 {[%clk 00:28:05]} Na3 {[%clk
00:49:38]} 44. Nxe8 {[%clk 00:28:20]} Rxe8 {[%clk 00:49:56]} 45. Rd1 Nxb5
{[%clk 00:49:59]} 46. Rb1 {[%clk 00:28:29]} Nc3 {[%clk 00:50:01]} 47. Rxb6
{[%clk 00:28:10]} Nxa2 {[%clk 00:49:46]} 48. Rh6+ {[%clk 00:28:30]} Kg7 {[%clk
00:49:00]} 49. h5 {[%clk 00:28:32]} e4 {[%clk 00:48:47]} 50. Rg6+ Kf7 {[%clk
00:48:16]} 51. Rf6+ Kg7 52. h6+ {[%clk 00:25:47]} Kh7 {[%clk 00:48:29]} 53.
Rf7+ {[%clk 00:24:45]} Kg6 {[%clk 00:48:28]} 54. Rg7+ {[%clk 00:24:38]} Kh5
{[%clk 00:48:25]} 55. h7 {[%clk 00:24:35]} Rh8 {[%clk 00:48:31]} 56. g6 {[%clk
00:24:48]} Kh6 {[%clk 00:48:18]} 57. Rg8 {[%clk 00:24:59]} Rxh7 {[%clk
00:45:43]} {[%emt 00:00:08]} 58. gxh7 {[%clk 00:24:54]} {[%emt 00:00:35]} Kxh7
{[%clk 00:45:27]} {[%emt 00:01:22]} 59. Ra8 {[%clk 00:24:57]} {[%emt 00:00:27]}
Nc3 {[%clk 00:45:30]} {[%emt 00:00:27]} 60. Ra3 {[%clk 00:24:47]} {[%emt
00:00:41]} Nd5 {[%clk 00:45:28]} {[%emt 00:00:32]} 61. Ra5 {[%clk 00:24:41]}
{[%emt 00:00:34]} Nc3 {[%clk 00:45:31]} {[%emt 00:00:29]} 62. Rc5 {[%emt
00:01:23]} Nb1 {[%clk 00:44:04]} {[%emt 00:00:50]} 63. Rb5 {[%clk 00:25:10]}
{[%emt 00:00:14]} Nc3 {[%clk 00:44:21]} {[%emt 00:00:13]} 64. Rb4 {[%clk
00:25:10]} {[%emt 00:00:30]} Kg6 {[%clk 00:44:07]} {[%emt 00:00:46]} 65. Rc4
{[%clk 00:25:25]} {[%emt 00:00:15]} Kf5 {[%clk 00:43:19]} {[%emt 00:01:18]} 66.
Rxc3 {[%clk 00:22:47]} {[%emt 00:03:07]} Ke5 {[%clk 00:43:23]} {[%emt
00:00:25]} 67. Kg2 {[%clk 00:22:32]} {[%emt 00:00:46]} Kd4 {[%clk 00:43:42]}
{[%emt 00:00:12]} 68. g4 {[%clk 00:21:42]} {[%emt 00:01:20]} Kxc3 {[%clk
00:43:49]} {[%emt 00:00:23]} 69. g5 {[%clk 00:22:03]} {[%emt 00:00:08]} e3
{[%clk 00:44:10]} {[%emt 00:00:11]} 70. Kf1 {[%clk 00:22:19]} {[%emt 00:00:12]}
Kd2 {[%clk 00:44:17]} {[%emt 00:00:24]} 71. g6 {[%clk 00:22:26]} {[%emt
00:00:23]} e2+ {[%clk 00:44:38]} {[%emt 00:00:09]} 72. Kg2 {[%clk 00:22:44]}
{[%emt 00:00:11]} e1=Q {[%clk 00:44:46]} {[%emt 00:00:24]} 73. g7 {[%emt
00:00:51]} Qe8 {[%clk 00:44:29]} 0-1